01014nam a2200193Ia 4500001001100000003001000011008004100021040002500062041001300087100001900100245006300119250001100182260007600193300001200269500020200281501011400483520020200597650002100799L282-31944IT-CnALBA170116s9999||||xx |||||||||||||| ||und|| aIT-CnALBAcIT-CnALBA aITALIANO aCOSCO GIUSEPPE 0aESOTERISMI DEL XX SECOLO. CRIMINI SATANICI E MUSICA ROCK.  a1a ed. a UDINEbSEGNO, EDIZIONI c1996 [1° Ed.:1996 - Ed.Ling.Originale: 1996] a102 p.  aPOSTFAZIONE. MESSAGGI SUBLIMALI E RILEVANZA GIURIDICA. SATANISMO. GOVERNO DEL MONDO. AVVENTO DEL ROCK. ADORATORI DEL DIAVOLO. ROCK SATANICO. ISTIGAZIONE AL SUICIDIO. QUESTIONARIO DEGLI ILLUMINATI.  aSocietà San Paolo EM - Piazza San Paolo, 14 - 12051 ALBA (CN) (non commercial uses only) ® Copyright 2017 aPOSTFAZIONE. MESSAGGI SUBLIMALI E RILEVANZA GIURIDICA. SATANISMO. GOVERNO DEL MONDO. AVVENTO DEL ROCK. ADORATORI DEL DIAVOLO. ROCK SATANICO. ISTIGAZIONE AL SUICIDIO. QUESTIONARIO DEGLI ILLUMINATI.  aCHIESA CATTOLICA